00580 a2200157 450000100060000008200120000609000170001810000710003524501160010626000270022230000140024950000230026394200220028699900190030895200950032791413 aPR 1309 c43543d43542 aJunaid Bin Naeem; Dr. Sohail Ahmed and Mudassar Mushtaq (Advisors) aImplementation of Techniques for Automatic Modulation Detection in Wireless Communication : Phase IIn72 "B" EC aRawalpindibNUSTc2012 aviii, 47p aBE Project Reports aCAE NUSTkPR 1309 c326486d326486 001040708NFICaCAEbCAEd2017-04-03l0oPR 1309pCAEPR-1309r2017-04-05w2017-04-05yBK